000 00446nam a2200157Ia 4500
005 20250508155540.0
008 008 250505s9999 xx 000 0 eng d
037 _aBooks to be hide in OPAC
040 _aFEDL
_beng
_cFEDL
041 _aeng
_2eng
084 _a371.42609549, ABB
_qFEDL
245 0 _aVocational education in hyderabad state
300 _a60p.
942 _cHB
_h371.42609549, ABB
999 _c1357656
_d1357656